[Event "Cto por Equipos de Aragon Division de Ho"]
[Site "?"]
[Date "2026.02.14"]
[Round "4.12"]
[White "Eizaguerri Floris, Maria"]
[Black "Munoz Valles, Jorge"]
[Result "1-0"]
[WhiteElo "2161"]
[BlackElo "2076"]
[PlyCount "115"]
[GameId "2278988364019803"]
[EventDate "2026.01.24"]
[WhiteTeam "Iberajedrez Mundo 64"]
[BlackTeam "El Olivar"]

1. e4 e5 2. Nf3 Nf6 3. Nxe5 Nxe4 4. d3 Nf6 5. d4 d6 6. Nf3 d5 7. Bd3 Bd6 8. O-O O-O 9. h3 Nbd7 10. Nc3 c6 11. Bg5 Re8 12. Nh4 Nf8 13. Qf3 Ng6 14. Rae1 Rxe1 15. Rxe1 Bd7 16. Nxg6 hxg6 17. Nd1 Qa5 18. c3 Nh7 19. Bf4 Qc7 20. Bxd6 Qxd6 21. h4 Nf6 22. Ne3 Nh5 23. g3 Re8 24. Kg2 Nf6 25. Rh1 Qe6 26. Qf4 Ne4 27. a4 Qf6 28. Qxf6 Nxf6 29. a5 c5 30. dxc5 Bc6 31. Kh2 d4 32. cxd4 Bxh1 33. Kxh1 Rd8 34. Nc2 Kf8 35. Kg2 Ke7 36. Bc4 Nd5 37. Ba2 f5 38. Kf3 Kf6 39. Bxd5 Rxd5 40. Ke3 Rd8 41. f4 Re8+ 42. Kd3 Ke6 43. Ne3 Kd7 44. d5 Kd8 45. h5 gxh5 46. Nxf5 g5 47. fxg5 Re5 48. Nd6 Rxd5+ 49. Kc4 Rd2 50. Nxb7+ Kc7 51. Nd6 Rg2 52. Ne4 Rxb2 53. g6 h4 54. gxh4 Rg2 55. Ng5 Rc2+ 56. Kd3 Rb2 57. g7 Rb8 58. Ne6+ 1-0

[Event "Cto por Equipos de Aragon Division de Ho"]
[Site "?"]
[Date "2026.02.14"]
[Round "4.13"]
[White "Garza Marco, Sergio"]
[Black "Ramiro Ovejero, Juan Luis"]
[Result "1-0"]
[WhiteElo "2381"]
[BlackElo "2334"]
[PlyCount "55"]
[GameId "2278988364023900"]
[EventDate "2026.01.24"]
[WhiteTeam "Helios"]
[BlackTeam "Maristas"]

1. c4 e6 2. Nf3 d5 3. g3 Nf6 4. Bg2 Bd6 5. d4 h6 6. O-O O-O 7. b3 b6 8. cxd5 exd5 9. Qc2 Re8 10. Nc3 Na6 11. Rd1 Nb4 12. Qb2 Bf5 13. Ne1 c6 14. a3 Na6 15. b4 Nc7 16. Nd3 Ne4 17. Ne5 Nxc3 18. Qxc3 Nb5 19. Qxc6 Nxd4 20. Nxf7 Qf6 21. Qxd6 Nxe2+ 22. Kh1 Qxa1 23. Nxh6+ gxh6 24. Bxd5+ Kh8 25. Bxa8 Rxa8 26. Qxh6+ Bh7 27. Kg2 Nxc1 28. Rd7 1-0

[Event "Cto por Equipos de Aragon Division de Ho"]
[Site "?"]
[Date "2026.02.14"]
[Round "4.14"]
[White "Ramo Frontinan, Cristobal"]
[Black "Torcal Miguel, Oscar"]
[Result "1/2-1/2"]
[WhiteElo "2246"]
[BlackElo "2133"]
[PlyCount "31"]
[GameId "2278988364027997"]
[EventDate "2026.01.24"]
[WhiteTeam "Maristas"]
[BlackTeam "Helios"]

1. e4 c5 2. Nf3 Nc6 3. d4 cxd4 4. Nxd4 g6 5. Nc3 Bg7 6. Be3 Nf6 7. Be2 O-O 8. Nb3 d6 9. O-O a5 10. a4 Be6 11. Nd4 Nxd4 12. Bxd4 Nd7 13. Bxg7 Kxg7 14. Qd4+ Kg8 15. Rfd1 Qb6 16. Nb5 1/2-1/2

[Event "Cto por Equipos de Aragon Division de Ho"]
[Site "?"]
[Date "2026.02.14"]
[Round "4.15"]
[White "Cerrajeria Ruiz, Jesus Maria"]
[Black "Newrkla, Katharina"]
[Result "0-1"]
[WhiteElo "2096"]
[BlackElo "2231"]
[PlyCount "96"]
[GameId "2278988364036190"]
[EventDate "2026.01.24"]
[WhiteTeam "Helios"]
[BlackTeam "Maristas"]

1. c4 Nf6 2. Nf3 g6 3. g3 Bg7 4. Bg2 O-O 5. O-O c5 6. Nc3 Nc6 7. a3 d5 8. cxd5 Nxd5 9. Nxd5 Qxd5 10. d3 Qh5 11. Rb1 Bh3 12. Bxh3 Qxh3 13. b4 cxb4 14. axb4 Nd4 15. Nxd4 Bxd4 16. b5 Rfd8 17. Bg5 Rd5 18. Bxe7 Rh5 19. Bh4 Bf6 20. f3 g5 21. e3 gxh4 22. g4 Rg5 23. Qe2 Re8 24. Rb4 h5 25. Rf4 hxg4 26. fxg4 Rxe3 27. Qf2 Re6 28. Kh1 Qxd3 29. Rxf6 Rxf6 30. Qxf6 Qd5+ 31. Rf3 Rxg4 32. Qf5 Qxf5 33. Rxf5 Kg7 34. Rc5 Rb4 35. Kg2 Rb3 36. Rh5 h3+ 37. Kf2 Kg6 38. Rc5 f5 39. Rd5 Kg5 40. Rc5 Kg4 41. Rc4+ f4 42. Rc5 Rb2+ 43. Kg1 Kf3 44. Rc3+ Ke2 45. Rc1 Rxb5 46. Ra1 a5 47. Kh1 Rd5 48. Rf1 Rd1 0-1

[Event "Cto por Equipos de Aragon Division de Ho"]
[Site "?"]
[Date "2026.02.14"]
[Round "4.16"]
[White "Campo Millan, Diego"]
[Black "Lacamara Pasamar, Miguel"]
[Result "0-1"]
[WhiteElo "2034"]
[BlackElo "2070"]
[PlyCount "76"]
[GameId "2278988364044383"]
[EventDate "2026.01.24"]
[WhiteTeam "Maristas"]
[BlackTeam "Helios"]

1. Nf3 d5 2. d4 Nf6 3. e3 e6 4. Bd3 Bd6 5. b3 O-O 6. O-O b6 7. Bb2 Bb7 8. Ne5 c5 9. f4 Nc6 10. a3 Rc8 11. Nd2 Ne7 12. Qe2 b5 13. dxc5 Bxc5 14. b4 Bb6 15. Nb3 a6 16. Bd4 Nf5 17. Bc5 Bxc5 18. Nxc5 Qc7 19. a4 bxa4 20. Rxa4 Ne4 21. Bxe4 dxe4 22. Rd1 Rfd8 23. Rxd8+ Rxd8 24. g4 Nd6 25. g5 Nb5 26. Nxb7 Qxb7 27. Qc4 Rc8 28. Qb3 Rc3 29. Qb2 Rxe3 30. c4 Qb6 31. c5 Qd8 32. Rxa6 Qd1+ 33. Kg2 Re2+ 34. Kh3 Qf1+ 35. Kh4 Qf2+ 36. Kg4 h5+ 37. Kxh5 Qxh2+ 38. Kg4 Rxb2 0-1

[Event "Cto por Equipos de Aragon Division de Ho"]
[Site "?"]
[Date "2026.02.14"]
[Round "4.17"]
[White "Romero Pallares, Daniel"]
[Black "Lana Rodriguez, David"]
[Result "0-1"]
[WhiteElo "2257"]
[BlackElo "2340"]
[PlyCount "74"]
[GameId "2278988364048480"]
[EventDate "2026.01.24"]
[WhiteTeam "Palacio De Pioneros"]
[BlackTeam "Marcos Frechin"]

1. e4 e6 2. d4 d5 3. Nc3 Bb4 4. Nge2 dxe4 5. a3 Bxc3+ 6. Nxc3 Nc6 7. Bf4 Nf6 8. Bb5 Nd5 9. Bxc6+ bxc6 10. Qd2 Qf6 11. Be5 Qf5 12. O-O-O f6 13. Bg3 Nxc3 14. Qxc3 Qd5 15. Rhe1 O-O 16. Kb1 Rf7 17. Qd2 Bb7 18. Qb4 Ba6 19. Qa4 Bb7 20. c4 Qf5 21. Re3 a5 22. Ka1 Rd8 23. Ree1 Rfd7 24. c5 Ra8 25. f3 exf3 26. Qb3 Ba6 27. Rxe6 Rd5 28. Rxc6 fxg2 29. Re1 h6 30. Qe3 Bb5 31. Rxc7 Re8 32. Re7 Rxe7 33. Qxe7 Rxd4 34. Qe3 Re4 35. Qb3+ Bc4 36. Qb8+ Kh7 37. Rb1 Qf1 0-1

[Event "Cto por Equipos de Aragon Division de Ho"]
[Site "?"]
[Date "2026.02.14"]
[Round "4.18"]
[White "Hinojar Basa, Alfonso"]
[Black "Dan, Teodor"]
[Result "1-0"]
[WhiteElo "2152"]
[BlackElo "2086"]
[PlyCount "59"]
[GameId "2278988364056673"]
[EventDate "2026.01.24"]
[WhiteTeam "Marcos Frechin"]
[BlackTeam "Palacio De Pioneros"]

1. e4 Nc6 2. Nf3 d6 3. d4 Nf6 4. Nc3 Bg4 5. d5 Nb8 6. h3 Bh5 7. g4 Bg6 8. e5 dxe5 9. Nxe5 c6 10. Bf4 Ne4 11. Bg2 Nxc3 12. bxc3 cxd5 13. Qxd5 Qxd5 14. Bxd5 a5 15. Nxg6 hxg6 16. Bxb7 Ra7 17. Rb1 e5 18. Be3 Rxb7 19. Rxb7 Nd7 20. Ra7 Bd6 21. Ra8+ Nb8 22. Ba7 Kd7 23. Bxb8 Bxb8 24. Ke2 Rc8 25. Rd1+ Kc7 26. Rb1 f5 27. Rxa5 Kc6 28. Ra8 Kc7 29. a4 e4 30. a5 1-0

[Event "Cto por Equipos de Aragon Division de Ho"]
[Site "?"]
[Date "2026.02.14"]
[Round "4.19"]
[White "Lacruz Algarate, Alvaro"]
[Black "Sanz Pueyo, Adrian"]
[Result "1-0"]
[WhiteElo "2095"]
[BlackElo "2083"]
[PlyCount "91"]
[GameId "2278988364064866"]
[EventDate "2026.01.24"]
[WhiteTeam "Palacio De Pioneros"]
[BlackTeam "Marcos Frechin"]

1. e4 e6 2. d4 d5 3. Nd2 c5 4. c3 cxd4 5. cxd4 dxe4 6. Nxe4 Nc6 7. Nf3 Nf6 8. Bd3 Be7 9. O-O O-O 10. Be3 Nb4 11. Bb1 Nxe4 12. Bxe4 f5 13. Bb1 b6 14. a3 Nd5 15. Re1 Bb7 16. Ba2 Qd6 17. Bd2 Bf6 18. Bb4 Nxb4 19. Rxe6 Qd8 20. Rd6+ Nxa2 21. Rxd8 Raxd8 22. Rxa2 Bxf3 23. Qxf3 Rxd4 24. b4 Rfd8 25. g3 g6 26. Rc2 Rd3 27. Qc6 Kg7 28. Qb7+ R8d7 29. Rc7 Rxc7 30. Qxc7+ Kh6 31. Qxa7 Bd4 32. Qc7 g5 33. Qc4 Rd1+ 34. Kg2 Rd2 35. Qe6+ Kh5 36. Qf7+ Kh6 37. Qxf5 Rxf2+ 38. Qxf2 Bxf2 39. Kxf2 b5 40. Ke3 Kh5 41. h3 g4 42. h4 Kg6 43. Kd4 Kf5 44. Kd5 h5 45. Kd4 Kf6 46. Kc5 1-0

[Event "Cto por Equipos de Aragon Division de Ho"]
[Site "?"]
[Date "2026.02.14"]
[Round "4.20"]
[White "Moya Gimeno, Raul"]
[Black "Gomez Salinas, Nestor"]
[Result "1-0"]
[WhiteElo "2001"]
[BlackElo "1940"]
[PlyCount "69"]
[GameId "2278988364073059"]
[EventDate "2026.01.24"]
[WhiteTeam "Marcos Frechin"]
[BlackTeam "Palacio De Pioneros"]

1. e4 c5 2. Nf3 d6 3. d4 cxd4 4. Nxd4 Nf6 5. Nc3 a6 6. Bc4 e6 7. Bb3 Be7 8. Qe2 Qc7 9. Be3 b5 10. Qf3 Nbd7 11. e5 Bb7 12. Qg3 dxe5 13. Bxe6 O-O 14. Nf5 Nh5 15. Nxe7+ Kh8 16. Qg4 fxe6 17. Qxh5 Rf6 18. Bg5 Nf8 19. Bxf6 gxf6 20. Nf5 exf5 21. Qxf5 Ng6 22. O-O-O Qc6 23. f3 Rc8 24. Rd2 Rc7 25. Ne4 Kg7 26. Nd6 Bc8 27. Nxc8 Rxc8 28. Qd7+ Kg8 29. Qxc6 Rxc6 30. Rhd1 Nh4 31. Rd7 Nf5 32. R1d3 h5 33. Kd2 Rc4 34. c3 Rh4 35. Ra7 1-0

[Event "Cto por Equipos de Aragon Division de Ho"]
[Site "?"]
[Date "2026.02.14"]
[Round "4.21"]
[White "Conon, Catalin"]
[Black "Lamas Mercadal, Manuel"]
[Result "1/2-1/2"]
[WhiteElo "2214"]
[BlackElo "2174"]
[PlyCount "119"]
[GameId "2278988364077156"]
[EventDate "2026.01.24"]
[WhiteTeam "MyInvestor Casablanca B"]
[BlackTeam "ONCE C.A. Aragon- Delicias"]

1. c4 f5 2. d4 e6 3. a3 Nf6 4. Nc3 Be7 5. g3 O-O 6. Bg2 d5 7. Nf3 c6 8. O-O Nbd7 9. Ng5 Nb8 10. Qd3 Ne4 11. Nh3 Nd7 12. Nf4 Ndf6 13. f3 Nxc3 14. Qxc3 Bd7 15. Rd1 Bd6 16. c5 Bc7 17. Nd3 Be8 18. Bf4 Nd7 19. b4 Bxf4 20. Nxf4 Qf6 21. Rab1 g5 22. Nd3 f4 23. b5 Bg6 24. bxc6 bxc6 25. Rb7 Bxd3 26. Qxd3 Rf7 27. Bh3 Nf8 28. Rdb1 Re8 29. Rxf7 Kxf7 30. Rb7+ Re7 31. Rxe7+ Kxe7 32. Bg4 Qg6 33. Qb3 h5 34. Qb7+ Nd7 35. Qxc6 hxg4 36. Qd6+ Ke8 37. c6 Nb6 38. Qb8+ Kf7 39. Qxa7+ Kf6 40. Qxb6 gxf3 41. exf3 fxg3 42. Qd8+ Kf7 43. c7 Qc2 44. Qd7+ Kf6 45. hxg3 Qd1+ 46. Kg2 Qc2+ 47. Kh3 Qf5+ 48. Kg2 Qc2+ 49. Kf1 Qd1+ 50. Kg2 Qc2+ 51. Kh3 Qf5+ 52. Kg2 Qc2+ 53. Kf1 Qd1+ 54. Kf2 Qd2+ 55. Kf1 Qd1+ 56. Kg2 Qc2+ 57. Kh1 Qd1+ 58. Kh2 Qc2+ 59. Kh3 Qf5+ 60. Kg2 1/2-1/2

[Event "Cto por Equipos de Aragon Division de Ho"]
[Site "?"]
[Date "2026.02.14"]
[Round "4.22"]
[White "Llanes Luno, Ricardo"]
[Black "Ruiz Fernandez, Daniel 2007"]
[Result "0-1"]
[WhiteElo "2152"]
[BlackElo "2189"]
[PlyCount "54"]
[GameId "2278988364085349"]
[EventDate "2026.01.24"]
[WhiteTeam "ONCE C.A. Aragon- Delicias"]
[BlackTeam "MyInvestor Casablanca B"]

1. e4 c5 2. Nf3 d6 3. d4 Nf6 4. Nc3 cxd4 5. Qxd4 Nc6 6. Bb5 e5 7. Qd3 h6 8. O-O Be7 9. Nd5 Nxd5 10. exd5 a6 11. Ba4 b5 12. Bb3 Na5 13. a4 f5 14. Bd2 e4 15. Bxa5 Qxa5 16. axb5 Qxa1 17. Qc3 axb5 18. Rxa1 Rxa1+ 19. Ne1 O-O 20. Kf1 f4 21. Ke2 Bg4+ 22. Nf3 Bf6 23. Qc6 exf3+ 24. gxf3 Bh5 25. Qxd6 Re8+ 26. Kd2 Rae1 27. Qc6 R8e2+ 0-1

[Event "Cto por Equipos de Aragon Division de Ho"]
[Site "?"]
[Date "2026.02.14"]
[Round "4.23"]
[White "Jaime Galeano, Alcher"]
[Black "Gavin Roche, Enrique"]
[Result "0-1"]
[WhiteElo "2081"]
[BlackElo "2129"]
[PlyCount "102"]
[GameId "2278988364093542"]
[EventDate "2026.01.24"]
[WhiteTeam "MyInvestor Casablanca B"]
[BlackTeam "ONCE C.A. Aragon- Delicias"]

1. e4 d6 2. d4 Nf6 3. Nc3 e5 4. dxe5 dxe5 5. Qxd8+ Kxd8 6. Bc4 Be6 7. Bxe6 fxe6 8. Nf3 Bd6 9. Be3 a6 10. O-O-O Ke7 11. Nd2 b5 12. f3 Nc6 13. Nb3 Nd7 14. h4 h5 15. Rhf1 Rhb8 16. Ne2 a5 17. Bg5+ Ke8 18. f4 a4 19. Nd2 Nf6 20. fxe5 Bxe5 21. Nf4 Bxf4 22. Rxf4 Ng4 23. Rdf1 Nce5 24. Nf3 Ng6 25. Rxg4 hxg4 26. Nd4 Rb6 27. h5 Nf8 28. Be3 b4 29. Kb1 Ra5 30. Ne2 Rd6 31. Nf4 Nd7 32. Nd3 b3 33. h6 gxh6 34. Bxh6 Rd4 35. e5 bxc2+ 36. Kxc2 Nxe5 37. Nf4 Rc4+ 38. Kb1 Nf7 39. Bg7 Rf5 40. g3 e5 41. Re1 Kd7 42. Nd5 Rd4 43. Nf6+ Ke6 44. Ne4 Rf3 45. Ng5+ Nxg5 46. Rxe5+ Kf7 47. Rxg5 Rd2 48. a3 Rxg3 49. Be5 Rg1+ 50. Ka2 Rdd1 51. b4 Rg2+ 0-1

[Event "Cto por Equipos de Aragon Division de Ho"]
[Site "?"]
[Date "2026.02.14"]
[Round "4.24"]
[White "Laliena Solanes, Luis"]
[Black "Antonano Fernandez-Quincoces, Avelino"]
[Result "0-1"]
[WhiteElo "2097"]
[BlackElo "1998"]
[PlyCount "120"]
[GameId "2278988364097639"]
[EventDate "2026.01.24"]
[WhiteTeam "ONCE C.A. Aragon- Delicias"]
[BlackTeam "MyInvestor Casablanca B"]

1. d4 Nf6 2. Nc3 d5 3. Bf4 e6 4. Nb5 Na6 5. e3 c6 6. Nc3 b6 7. Bd3 Bd6 8. Bg3 O-O 9. Nf3 Nb4 10. Be2 c5 11. Ne5 Bxe5 12. Bxe5 Ba6 13. Bxa6 Nxa6 14. Qe2 Nb4 15. Bg3 cxd4 16. exd4 Rc8 17. O-O Qd7 18. Rfd1 Rc4 19. a3 Nc6 20. Be5 Ne8 21. Qe3 Ne7 22. b3 Rc6 23. Rac1 f6 24. Bf4 g5 25. Bg3 Nf5 26. Qd3 Nxg3 27. hxg3 Nd6 28. Nb5 Rfc8 29. a4 Nxb5 30. Qxb5 Qc7 31. Qe2 Kf7 32. Re1 Qd6 33. Qd3 Kg7 34. Re3 Qb4 35. Rce1 Rc3 36. Qd2 Rxb3 37. Qxb4 Rxb4 38. a5 Rxd4 39. axb6 axb6 40. c3 Re4 41. Rxe4 dxe4 42. Rxe4 Rxc3 43. Rxe6 Rc1+ 44. Kh2 b5 45. Rb6 Rb1 46. f4 Kg6 47. Kh3 h5 48. Kh2 b4 49. Rb5 gxf4 50. gxf4 b3 51. Kh3 b2 52. Kh2 h4 53. g3 hxg3+ 54. Kg2 Kf7 55. Rb6 Kg6 56. Rb5 Kh6 57. Rb6 Kh5 58. Rb5+ Kg4 59. Rb4 f5 60. Rb3 Kxf4 0-1

[Event "Cto por Equipos de Aragon Division de Ho"]
[Site "?"]
[Date "2026.02.14"]
[Round "4.25"]
[White "Pellicer Cerezuela, Miguel"]
[Black "Arrieta Restrepo, Steven"]
[Result "1/2-1/2"]
[WhiteElo "2062"]
[BlackElo "2114"]
[PlyCount "93"]
[GameId "2278988364105832"]
[EventDate "2026.01.24"]
[WhiteTeam "L'Aurora Estadilla M64"]
[BlackTeam "Monzon"]

1. d4 d5 2. c4 e6 3. Nc3 Nf6 4. cxd5 exd5 5. Bg5 Be7 6. e3 O-O 7. Bd3 c6 8. Qc2 h6 9. Bf4 Be6 10. Nf3 Nbd7 11. h3 Rc8 12. O-O c5 13. Rfd1 Qa5 14. a3 c4 15. Be2 b5 16. Ne5 Rfd8 17. Bh2 Qb6 18. f4 Nxe5 19. fxe5 Ne8 20. Kh1 Nc7 21. Bf3 a5 22. e4 b4 23. axb4 axb4 24. Nxd5 Nxd5 25. exd5 Bxd5 26. Bxd5 Rxd5 27. Qe4 Rcd8 28. Bg1 Qe6 29. Rdc1 Rc8 30. Ra7 Bg5 31. Rca1 Rdd8 32. h4 Bd2 33. Rf1 Rf8 34. d5 Qg6 35. Qxg6 fxg6 36. Rxf8+ Kxf8 37. d6 c3 38. bxc3 bxc3 39. d7 Rd8 40. Bb6 c2 41. Rc7 Rxd7 42. Rxc2 Bf4 43. Bc5+ Kf7 44. Bd6 Ke6 45. Kg1 Bxe5 46. Bxe5 Kxe5 47. Kh2 1/2-1/2

[Event "Cto por Equipos de Aragon Division de Ho"]
[Site "?"]
[Date "2026.02.14"]
[Round "4.26"]
[White "Hidalgo Gracia, Andres"]
[Black "Ayensa Garcia, Miguel Angel"]
[Result "1-0"]
[WhiteElo "2105"]
[BlackElo "2007"]
[PlyCount "69"]
[GameId "2278988364114025"]
[EventDate "2026.01.24"]
[WhiteTeam "Monzon"]
[BlackTeam "L'Aurora Estadilla M64"]

1. d4 Nf6 2. c4 e6 3. Nf3 c5 4. d5 exd5 5. cxd5 d6 6. Nc3 g6 7. e4 Bg7 8. Be2 O-O 9. O-O a6 10. a4 Re8 11. Qc2 Nbd7 12. Nd2 Ne5 13. f4 Neg4 14. Nf3 Nh5 15. h3 Nh6 16. Kh2 Bg4 17. Ng5 Bxe2 18. Nxe2 b5 19. axb5 axb5 20. Rxa8 Qxa8 21. g4 Nf6 22. Ng3 Nd7 23. Rd1 Qa4 24. b3 Qa6 25. Nf3 f6 26. g5 fxg5 27. Nxg5 Nf8 28. f5 gxf5 29. exf5 Nf7 30. Ne6 Nxe6 31. dxe6 Ne5 32. Qg2 Kh8 33. Nh5 Rg8 34. Rg1 Qa7 35. f6 1-0

[Event "Cto por Equipos de Aragon Division de Ho"]
[Site "?"]
[Date "2026.02.14"]
[Round "4.27"]
[White "Cid Royo, Oscar"]
[Black "Barranco Mananet, Fernando"]
[Result "1/2-1/2"]
[WhiteElo "1987"]
[BlackElo "2009"]
[PlyCount "134"]
[GameId "2278988364122218"]
[EventDate "2026.01.24"]
[WhiteTeam "L'Aurora Estadilla M64"]
[BlackTeam "Monzon"]

1. d4 d5 2. Nf3 e6 3. g3 Nf6 4. Bg2 c5 5. c4 Nc6 6. cxd5 exd5 7. Nc3 cxd4 8. Nxd4 Bc5 9. Nb3 Bb4 10. O-O Be6 11. Bg5 Bxc3 12. bxc3 h6 13. Be3 O-O 14. Nd4 Nxd4 15. Bxd4 Rc8 16. f3 Ne8 17. e4 dxe4 18. fxe4 b6 19. Qh5 Qg5 20. Qf3 Nd6 21. a4 Nc4 22. Rf2 Ne5 23. Qf4 Nd3 24. Qxg5 hxg5 25. Rd2 Nc5 26. Rb2 Nb3 27. Rab1 Na5 28. Bf1 Bc4 29. Bh3 Rce8 30. e5 Be6 31. Bf1 Bc4 32. Bh3 Re7 33. Rb4 Rfe8 34. Bg2 g4 35. Re1 Be6 36. Reb1 Rc8 37. Kf2 Bf5 38. Re1 Nc4 39. Bd5 Be6 40. Bxc4 Rxc4 41. Rxc4 Bxc4 42. Ra1 Kh7 43. a5 b5 44. a6 Kg6 45. Ke3 Kf5 46. Kf2 Ke4 47. Rb1 Re6 48. Ra1 b4 49. Ra4 Rxa6 50. Rxb4 Kd3 51. Rb2 Rh6 52. Ke1 a5 53. Kd1 a4 54. Kc1 a3 55. Rd2+ Ke4 56. Kb1 a2+ 57. Ka1 Rh8 58. e6 Bxe6 59. Bxg7 Rg8 60. Bd4 Rb8 61. Rb2 Rxb2 62. Kxb2 Bc4 63. Bf6 Kf3 64. Bd4 Kg2 65. Be5 Kxh2 66. Ka1 Kg2 67. Kb2 Bd5 1/2-1/2

[Event "Cto por Equipos de Aragon Division de Ho"]
[Site "?"]
[Date "2026.02.14"]
[Round "4.28"]
[White "Sanroman Perez, Luis"]
[Black "Pellicer Cemeli, Jose Luis"]
[Result "1/2-1/2"]
[WhiteElo "1827"]
[BlackElo "1931"]
[PlyCount "93"]
[GameId "2278988364126315"]
[EventDate "2026.01.24"]
[WhiteTeam "Monzon"]
[BlackTeam "L'Aurora Estadilla M64"]

1. f4 d5 2. Nf3 g6 3. g3 Bg7 4. Bg2 c6 5. d3 Nf6 6. Nc3 Qb6 7. e3 Bg4 8. Qe2 Nbd7 9. O-O O-O 10. h3 Bxf3 11. Bxf3 e6 12. Kg2 Ne8 13. e4 Nd6 14. Nd1 dxe4 15. dxe4 Rfd8 16. Be3 Qb5 17. Qxb5 Nxb5 18. c3 Nb6 19. a4 Nd6 20. b3 f5 21. e5 Nf7 22. c4 Rd3 23. Rb1 Rad8 24. Be2 R3d7 25. Nf2 Bf8 26. Rfd1 Be7 27. Rxd7 Rxd7 28. a5 Nc8 29. c5 Nd8 30. Rd1 Rxd1 31. Nxd1 a6 32. Nb2 Na7 33. Nc4 Nb5 34. Nd6 Nc3 35. Bc4 Nd5 36. Bxd5 cxd5 37. Nxb7 Nc6 38. Bd2 Kf8 39. Nd6 Bxd6 40. cxd6 Ke8 41. Kf2 Nd4 42. b4 Nb5 43. g4 Kd7 44. Ke3 Kc6 45. g5 Kd7 46. Kd3 Kc6 47. Bc1 1/2-1/2

[Event "Cto por Equipos de Aragon Division de Ho"]
[Site "?"]
[Date "2026.02.14"]
[Round "4.29"]
[White "Chueca Forcen, Alberto"]
[Black "Malo Guillen, Jose Luis"]
[Result "1-0"]
[WhiteElo "2283"]
[BlackElo "2097"]
[PlyCount "95"]
[GameId "2278988364134508"]
[EventDate "2026.01.24"]
[WhiteTeam "Teruel"]
[BlackTeam "Las Fuentes"]

1. d4 d5 2. Nc3 Nf6 3. Bf4 e6 4. Nb5 Na6 5. e3 c6 6. Nc3 Bd6 $6 7. Bxd6 Qxd6 8. Bxa6 bxa6 9. Na4 O-O 10. Nf3 Qb4+ $6 11. c3 $1 Qb5 12. Ne5 Ne4 13. f3 Nd6 14. Nd3 a5 15. Nac5 f6 16. Kf2 (16. O-O) 16... e5 17. Qb3 Qb6 18. Rhe1 Ba6 $2 19. Qxb6 axb6 20. Nxa6 $1 Rxa6 21. dxe5 fxe5 22. Nxe5 b5 23. Nd7 Rf7 24. Nc5 Rb6 25. e4 dxe4 $6 26. Rad1 Nb7 27. Nd7 Ra6 28. Rxe4 Ra8 29. Ne5 Rc7 30. Red4 h6 31. Rd7 Rxd7 32. Rxd7 Nc5 33. Rd2 Rc8 34. b3 a4 35. b4 Nb7 36. Rd7 Nd8 37. Ng6 Rb8 38. f4 Nf7 39. f5 Ng5 40. Ke3 Nf7 41. g4 h5 42. gxh5 Nh6 43. Kf4 Nf7 44. a3 Re8 45. Rc7 Nd6 46. Rxc6 Nc4 47. Rc7 Nxa3 $6 48. f6 1-0

[Event "Cto por Equipos de Aragon Division de Ho"]
[Site "?"]
[Date "2026.02.14"]
[Round "4.30"]
[White "Alonso Blasco, Jose Miguel"]
[Black "Cabrera Moreno, Daniel"]
[Result "0-1"]
[WhiteElo "1903"]
[BlackElo "2138"]
[PlyCount "70"]
[GameId "2278988364146797"]
[EventDate "2026.01.24"]
[WhiteTeam "Las Fuentes"]
[BlackTeam "Teruel"]

1. e4 e5 2. Nf3 Nc6 3. Bb5 a6 4. Bxc6 dxc6 5. O-O Bg4 6. h3 h5 7. d3 Qf6 8. Nbd2 g5 9. Re1 Be6 10. Nf1 g4 11. Ng5 Bc5 12. Qe2 Bd7 13. c3 Qg7 14. d4 Be7 15. Qe3 f6 16. h4 fxg5 17. hxg5 O-O-O 18. dxe5 Kb8 19. Qf4 Rf8 20. Qe3 Qxe5 21. Qd4 Qxd4 22. cxd4 h4 23. a3 Rh5 24. g3 Bxg5 25. Bxg5 Rxg5 26. gxh4 Rh5 27. Ng3 Rxh4 28. Rac1 Ne7 29. Rc2 Ng6 30. Re3 Rf3 31. Rcc3 Rxe3 32. Rxe3 Rh8 33. Kf1 Nf4 34. Rc3 Be6 35. b3 Rd8 0-1

[Event "Cto por Equipos de Aragon Division de Ho"]
[Site "?"]
[Date "2026.02.14"]
[Round "4.31"]
[White "Dominguez Bujeda, Jesus"]
[Black "Artal Alegria, Francisco Javier"]
[Result "0-1"]
[WhiteElo "2064"]
[BlackElo "1864"]
[PlyCount "122"]
[GameId "2278988364150894"]
[EventDate "2026.01.24"]
[WhiteTeam "Teruel"]
[BlackTeam "Las Fuentes"]

1. c4 c5 2. Nc3 Nf6 3. Nf3 d5 4. cxd5 Nxd5 5. g3 Nc6 6. Bg2 Nc7 7. d3 e5 8. Nd2 Bd7 9. a4 Rb8 10. Nc4 f6 11. O-O Be7 12. f4 O-O 13. fxe5 Nxe5 14. Nxe5 fxe5 15. Rxf8+ Bxf8 16. Bd2 Be6 17. Qc1 Nd5 18. Ne4 Be7 19. a5 b6 20. a6 Qd7 21. Bg5 Bf8 22. Qd1 h6 23. Bd2 Rd8 24. Qa4 Bg4 25. Qxd7 Rxd7 26. Kf2 Rf7+ 27. Ke1 Rd7 28. Ra4 Be6 29. Ra1 Be7 30. Nf2 Nc7 31. Bc3 Bf6 32. Bb7 Bd5 33. Ng4 Nb5 34. Bxe5 Bxb7 35. axb7 Bxe5 36. Nxe5 Rxb7 37. e3 Re7 38. Nc4 Nd4 39. Kf2 Rf7+ 40. Kg2 Nc2 41. Rc1 Nb4 42. Ne5 Rf5 43. d4 cxd4 44. exd4 Nd5 45. Re1 a5 46. Nc4 a4 47. Re8+ Kh7 48. Nd6 Rf6 49. Nb5 Rf5 50. Re6 Nf4+ 51. gxf4 Rxb5 52. Re2 Rd5 53. Rd2 Kg6 54. Kf3 Kf5 55. Ke3 b5 56. Rg2 g6 57. Rc2 b4 58. Kd3 a3 59. bxa3 bxa3 60. Kc4 Ra5 61. Ra2 Ke4 0-1

[Event "Cto por Equipos de Aragon Division de Ho"]
[Site "?"]
[Date "2026.02.14"]
[Round "4.32"]
[White "Manguez Cambra, Jose Luis"]
[Black "Gomez Calomarde, Saul"]
[Result "0-1"]
[WhiteElo "1841"]
[BlackElo "2093"]
[PlyCount "78"]
[GameId "2278988364159087"]
[EventDate "2026.01.24"]
[WhiteTeam "Las Fuentes"]
[BlackTeam "Teruel"]

1. d4 c5 2. c3 Nf6 3. Nf3 e6 4. Bg5 Be7 5. e3 b6 6. Bd3 h6 7. Bxf6 Bxf6 8. Nbd2 Bb7 9. O-O Nc6 10. Re1 d6 11. e4 O-O 12. Nb3 cxd4 13. Nbxd4 a6 14. Rc1 b5 15. Bb1 Qb6 16. Qd3 Bxd4 17. cxd4 e5 18. d5 Ne7 19. Nh4 Rac8 20. Qh3 Rxc1 21. Rxc1 Bc8 22. Qc3 Bd7 23. Qd2 Rc8 24. Rxc8+ Bxc8 25. Nf3 Qc5 26. h3 Ng6 27. Bd3 b4 28. Qc2 Qxc2 29. Bxc2 Nf4 30. Nd2 Kf8 31. Nc4 Ke7 32. Kf1 Bd7 33. Nb6 Bb5+ 34. Kg1 Kd8 35. a4 bxa3 36. bxa3 Ne2+ 37. Kh2 Nd4 38. Ba4 Kc7 39. Bxb5 axb5 0-1

[Event "Cto por Equipos de Aragon  Preferente I "]
[Site "?"]
[Date "2026.02.14"]
[Round "4.33"]
[White "Anadon Moreno, Mario"]
[Black "Hernando Garcia, Antonio"]
[Result "1/2-1/2"]
[WhiteElo "1901"]
[BlackElo "2056"]
[PlyCount "43"]
[GameId "2278988364167280"]
[EventDate "2026.01.24"]
[WhiteTeam "Iberajedrez Mundo 64 C"]
[BlackTeam "El Olivar B"]

1. d4 d5 2. Nf3 Nf6 3. e3 Bf5 4. c4 c6 5. Nc3 e6 6. Nh4 Bg6 7. Nxg6 hxg6 8. Bd2 Nbd7 9. Qc2 a6 10. Bd3 Be7 11. Rc1 O-O 12. O-O dxc4 13. Bxc4 e5 14. Qxg6 b5 15. Bb3 c5 16. dxc5 Nxc5 17. Qc2 b4 18. Ne2 Nxb3 19. axb3 Qd5 20. Qc4 Qxd2 21. Rfd1 Qxb2 22. Rb1 1/2-1/2

[Event "Cto por Equipos de Aragon  Preferente I "]
[Site "?"]
[Date "2026.02.14"]
[Round "4.34"]
[White "Veras Sanz, Marino"]
[Black "Martinez Sanz, Pablo"]
[Result "1-0"]
[WhiteElo "1996"]
[BlackElo "1874"]
[PlyCount "75"]
[GameId "2278988364171377"]
[EventDate "2026.01.24"]
[WhiteTeam "El Olivar B"]
[BlackTeam "Iberajedrez Mundo 64 C"]

1. d4 d5 2. c4 dxc4 3. e3 Nf6 4. Bxc4 e6 5. Nf3 a6 6. O-O c5 7. Qe2 b5 8. Bd3 Nbd7 9. Rd1 Bb7 10. e4 cxd4 11. Nxd4 Qc7 12. Nc3 Nc5 13. Ncxb5 axb5 14. Bxb5+ Ncd7 15. Bg5 Rd8 16. Rac1 Qe5 17. Nf3 Qxe4 18. Qxe4 Bxe4 19. Ne5 Be7 20. Bxf6 Bxf6 21. Nxd7 Ke7 22. Nxf6 Kxf6 23. f3 Rxd1+ 24. Rxd1 Bd5 25. b3 Ra8 26. Rd2 Rb8 27. Bd3 Ke5 28. Kf2 f5 29. Bb1 Rc8 30. Rc2 Rxc2+ 31. Bxc2 Kd4 32. Ke2 Kc3 33. Bd1 f4 34. a4 Bb7 35. a5 Ba6+ 36. Ke1 Bb7 37. Be2 Kxb3 38. a6 1-0